[Event "Moscow Open A 2014"]
[Site "Moscow RUS"]
[Date "2014.02.04"]
[Round "4.2"]
[White "Maletin, Pavel"]
[Black "Popov, Ivan RUS"]
[Result "1/2-1/2"]
[WhiteTitle "GM"]
[BlackTitle "GM"]
[WhiteElo "2586"]
[BlackElo "2653"]
[WhiteFideId "4146786"]
[BlackFideId "4170350"]
[EventDate "2014.02.01"]

1. c4 c5 2. Nf3 Nc6 3. Nc3 g6 4. e3 Nf6 5. d4 cxd4 6. exd4 d5 7. cxd5 Nxd5 8.
Qb3 e6 9. Bb5 Bg7 10. O-O O-O 11. Bxc6 bxc6 12. Na4 Ba6 13. Re1 Nb6 14. Nc5 Bc4
15. Qc3 Bd5 16. Ne5 Nc8 17. Qh3 Re8 18. Bh6 Bh8 19. Bd2 Nd6 20. b3 Nf5 21. Bc3
Qg5 22. Rad1 Rad8 23. Bd2 Qh4 24. Qxh4 Nxh4 25. f3 f6 26. Nc4 Bxc4 27. bxc4 Rxd4
28. Be3 Rxc4 29. Bf2 g5 30. Nxe6 Ng6 31. Bxa7 Ra4 32. Bf2 Rxa2 33. Nd4 Rxe1+ 34.
Rxe1 h5 35. Nxc6 f5 36. Ne7+ Nxe7 37. Rxe7 Ra1+ 38. Re1 Rxe1+ 39. Bxe1 Kf7 40.
Kf1 g4 41. fxg4 1/2-1/2

[Event "Moscow Open A 2014"]
[Site "Moscow RUS"]
[Date "2014.02.04"]
[Round "4.3"]
[White "Soumya, Swaminathan"]
[Black "Khairullin, Ildar"]
[Result "0-1"]
[WhiteTitle "WGM"]
[BlackTitle "GM"]
[WhiteElo "2264"]
[BlackElo "2651"]
[WhiteFideId "5016193"]
[BlackFideId "4151348"]
[EventDate "2014.02.01"]

1. e4 e5 2. Nf3 Nc6 3. Bb5 a6 4. Ba4 Nf6 5. O-O Be7 6. d3 b5 7. Bb3 d6 8. a4 b4
9. c3 Rb8 10. Nbd2 O-O 11. Re1 Na5 12. Ba2 c5 13. h3 Nd7 14. Nc4 Nxc4 15. Bxc4
Nb6 16. Ba2 a5 17. Nd2 Bd7 18. Bb3 Bg5 19. Nc4 Bxc1 20. Rxc1 Nxc4 21. Bxc4 bxc3
22. bxc3 Rb2 23. Re3 Qg5 24. Ra1 Be6 25. Bb5 Qf4 26. Rf3 Qg5 27. Qc1 Qxc1+ 28.
Rxc1 f5 29. exf5 Rxf5 30. Rxf5 Bxf5 31. Rd1 Rc2 32. d4 exd4 33. cxd4 c4 34. Re1
c3 35. g4 Bg6 36. f4 Rd2 37. Bc4+ Kf8 38. Rc1 c2 39. Bb3 Bd3 40. f5 d5 0-1

[Event "Moscow Open A 2014"]
[Site "Moscow RUS"]
[Date "2014.02.04"]
[Round "4.4"]
[White "Moiseenko, Alexander"]
[Black "Aghasaryan, Robert"]
[Result "1/2-1/2"]
[WhiteTitle "GM"]
[BlackTitle "FM"]
[WhiteElo "2710"]
[BlackElo "2467"]
[WhiteFideId "14102560"]
[BlackFideId "13302841"]
[EventDate "2014.02.01"]

1. d4 d5 2. c4 e6 3. Nf3 Nf6 4. Nc3 Be7 5. Bg5 h6 6. Bh4 O-O 7. e3 b6 8. Bd3 Bb7
9. O-O Nbd7 10. Qe2 c5 11. Bg3 Ne4 12. cxd5 exd5 13. Rad1 Qc8 14. Bf4 a6 15. Bb1
Re8 16. Qc2 Nf8 17. Na4 Qe6 18. Qb3 c4 19. Qxb6 Bc6 20. Nc5 Nxc5 21. dxc5 Nd7
22. Qa5 Bxc5 23. Nd4 Qf6 24. Nxc6 Qxc6 25. b3 Nf6 26. Qc3 Ne4 27. Qc1 Bb6 28.
Kh1 c3 29. Qc2 Rac8 30. Rd3 Bc7 31. Bxc7 Rxc7 32. Rc1 Rec8 33. h3 g6 34. a3 a5
35. f3 Nf6 36. b4 axb4 37. axb4 Qd6 38. Qb3 Rb8 39. Rd4 Rcb7 40. Qxc3 Rxb4 41.
Rxb4 1/2-1/2

[Event "Moscow Open A 2014"]
[Site "Moscow RUS"]
[Date "2014.02.04"]
[Round "4.5"]
[White "Predke, Alexandr"]
[Black "Matlakov, Maxim"]
[Result "1/2-1/2"]
[BlackTitle "GM"]
[WhiteElo "2477"]
[BlackElo "2690"]
[WhiteFideId "24107581"]
[BlackFideId "4168003"]
[EventDate "2014.02.01"]

1. e4 e5 2. Nf3 Nc6 3. Bb5 a6 4. Ba4 Nge7 5. Nc3 g6 6. d4 exd4 7. Nd5 Bg7 8. Bg5
h6 9. Bf6 Kf8 10. Bxg7+ Kxg7 11. Bxc6 Nxc6 12. O-O Re8 13. Re1 d6 14. Nxd4 Be6
15. Nxc6 bxc6 16. Qd4+ f6 17. Ne3 Qb8 18. c4 a5 19. a3 Bf7 20. c5 dxc5 21. Qxc5
Qxb2 22. Qxc6 Qb6 23. Rec1 Rac8 24. Qa4 c5 25. Rab1 Qc6 26. Qxa5 Qxe4 27. Rb6 c4
28. Qc3 Qe5 29. Rb7 f5 30. f4 Qxc3 31. Rxc3 Re4 32. g3 Rd4 33. Kf2 Kf6 34. Rb6+
Ke7 35. Ke2 Rcd8 36. Rb7+ Kf8 37. Rb2 Re4 38. h4 Kg7 39. a4 g5 40. hxg5 hxg5 41.
fxg5 Kg6 42. Rb5 f4 43. gxf4 Rxf4 44. Ng2 Rfd4 45. Ke3 Rd3+ 46. Rxd3 Rxd3+ 47.
Ke4 Ra3 48. Nf4+ Kg7 49. Rb7 Rxa4 50. g6 c3+ 51. Ke3 Rxf4 52. Kxf4 Kxg6 53. Rb6+
Kg7 54. Rc6 c2 55. Rxc2 Kf6 56. Rc6+ Be6 57. Ra6 Kf7 58. Ke5 Bc4 59. Rf6+ Kg7
60. Kf5 Bd3+ 61. Kg5 Bc4 62. Rc6 Ba2 63. Rc7+ Kf8 64. Kf6 Ke8 65. Rc2 Bb3 66.
Rc3 Ba2 67. Rd3 Bc4 68. Rc3 Ba2 69. Rc2 Bb3 70. Rc7 Kd8 71. Ra7 Bc4 72. Ke5 Ke8
73. Kd4 Be6 74. Rb7 Ba2 75. Rb2 Be6 76. Re2 Kd7 77. Rxe6 Kxe6 1/2-1/2

[Event "Moscow Open A 2014"]
[Site "Moscow RUS"]
[Date "2014.02.04"]
[Round "4.6"]
[White "Bartel, Mateusz"]
[Black "Givon, Asaf"]
[Result "1-0"]
[WhiteTitle "GM"]
[BlackTitle "IM"]
[WhiteElo "2651"]
[BlackElo "2461"]
[WhiteFideId "1112635"]
[BlackFideId "2801841"]
[EventDate "2014.02.01"]

1. d4 Nf6 2. Bg5 c5 3. Bxf6 gxf6 4. d5 Qb6 5. Qc1 f5 6. c4 Bh6 7. Qc2 Qb4+ 8.
Nc3 Qxc4 9. e3 Qb4 10. a3 Qb6 11. Bd3 d6 12. Bxf5 Bxf5 13. Qxf5 Nd7 14. Nge2 Bg7
15. O-O Nf6 16. Rab1 O-O 17. b4 Rac8 18. Ne4 c4 19. N2g3 Kh8 20. Nxf6 Bxf6 21.
Ne4 Qd8 22. b5 Rg8 23. Rfc1 Rg6 24. g3 e6 25. dxe6 fxe6 26. Qxe6 Bb2 27. Qd5
Bxc1 28. Rxc1 Qg8 29. Qd4+ Qg7 30. Rxc4 Rxc4 31. Qxc4 Qe7 32. Nc3 Qe5 33. Nd5
Rg8 34. a4 Rf8 35. Nf4 Qa1+ 36. Kg2 Qe5 37. h4 Re8 38. Kh2 Qb2 39. Nd3 Qf6 40.
Qd5 Re7 41. Kg2 Rc7 42. Qe4 Re7 43. Qc4 Re8 44. Nf4 Qe5 45. Qf7 Qe7 46. Qh5 Qe4+
47. Kh2 Kg7 48. Qg5+ Kf7 49. Qh6 Ke7 50. Qg7+ Kd8 51. Qf6+ Kc7 52. Qf7+ Kb8 53.
Nd5 Rc8 54. Ne7 Rd8 55. a5 Qb4 56. b6 Qc5 57. Nd5 axb6 58. axb6 Rc8 59. e4 Qd4
60. Ne7 Qc4 61. Qf6 Re8 62. Qxd6+ Ka8 63. Nd5 1-0

[Event "Moscow Open A 2014"]
[Site "Moscow RUS"]
[Date "2014.02.04"]
[Round "4.7"]
[White "Kokarev, Dmitry"]
[Black "Gavrilov, Alexei1"]
[Result "1-0"]
[WhiteTitle "GM"]
[BlackTitle "GM"]
[WhiteElo "2628"]
[BlackElo "2456"]
[WhiteFideId "4132181"]
[BlackFideId "4104358"]
[EventDate "2014.02.01"]

1. e4 c6 2. d4 d5 3. Nc3 dxe4 4. Nxe4 Bf5 5. Ng3 Bg6 6. h4 h6 7. Nf3 Nd7 8. h5
Bh7 9. Bd3 Bxd3 10. Qxd3 e6 11. Bd2 Ngf6 12. O-O-O Be7 13. Kb1 c5 14. Ne4 cxd4
15. Nxd4 O-O 16. Nxf6+ Nxf6 17. Bxh6 gxh6 18. Qg3+ Kh8 19. Nxe6 fxe6 20. Rxd8
Raxd8 21. Qe3 Ng8 22. f4 Rf5 23. g4 Rfd5 24. a3 e5 25. fxe5 b6 26. Rh3 Bg5 27.
Qe4 Rd4 28. Qf5 Rf4 29. Qe6 Rd2 30. Rc3 Ne7 31. Rc7 Rf1+ 32. Ka2 Rff2 33. Rxe7
Bxe7 34. Qxe7 Rxc2 35. Qe8+ Kg7 36. Qg6+ Kf8 37. Qxh6+ Kf7 38. e6+ Ke7 39. Qg7+
Kxe6 40. h6 Rh2 41. g5 Kf5 42. h7 1-0

[Event "Moscow Open A 2014"]
[Site "Moscow RUS"]
[Date "2014.02.04"]
[Round "4.8"]
[White "Ponkratov, Pavel"]
[Black "Simonian, Tigran"]
[Result "1-0"]
[WhiteTitle "GM"]
[BlackTitle "IM"]
[WhiteElo "2611"]
[BlackElo "2421"]
[WhiteFideId "4157800"]
[BlackFideId "13303597"]
[EventDate "2014.02.01"]

1. e4 c5 2. Nf3 Nc6 3. d4 cxd4 4. Nxd4 e6 5. Nc3 Qc7 6. g3 a6 7. Bg2 Nf6 8. O-O
Nxd4 9. Qxd4 Bc5 10. Bf4 d6 11. Qd2 h6 12. Rad1 e5 13. Be3 Be6 14. Bxc5 dxc5 15.
f4 O-O 16. Nd5 Bxd5 17. exd5 Qd6 18. fxe5 Qxe5 19. d6 Qxb2 20. a4 Rad8 21. Rb1
Qe5 22. Rfd1 Ne4 23. Qe3 f5 24. d7 Qc7 25. g4 Rxd7 26. Rxd7 Qxd7 27. gxf5 Nf6
28. Qe6+ Qxe6 29. fxe6 b5 30. axb5 axb5 31. Rxb5 Re8 32. Bf1 Ne4 33. Bd3 Nd6 34.
Rb6 Nc8 35. Rc6 Kf8 36. Bc4 g6 37. Kg2 Ne7 38. Rxc5 Rd8 39. Bb3 Rd2+ 40. Kg3 Kg7
41. h3 Kf6 42. Kf4 Rf2+ 43. Ke4 Re2+ 44. Kf3 Rh2 45. Kg3 Rd2 46. Rc7 Re2 47. Rd7
Re3+ 48. Kg2 Re2+ 49. Kf3 Rh2 50. Kg3 Re2 51. Rd3 h5 52. Kf3 Rh2 53. Ke4 Re2+
54. Kf3 Rh2 55. Kg3 Re2 56. Rd8 Ke5 57. Kf3 Rh2 58. Re8 Kd6 59. Kg3 Rh1 60. Kf4
Rf1+ 61. Kg5 Rf3 62. h4 Rg3+ 63. Kf6 Rf3+ 64. Kg7 g5 65. hxg5 h4 66. Rd8+ Ke5
67. Rd7 h3 68. Rxe7 h2 69. Rf7 Rxb3 70. e7 Rb8 71. Rf1 Ke6 72. Re1+ Kd6 73. Kf7
Rb7 74. Rd1+ 1-0

[Event "Moscow Open A 2014"]
[Site "Moscow RUS"]
[Date "2014.02.04"]
[Round "4.9"]
[White "Frolyanov, Dmitry"]
[Black "Tsydypov, Zhamsaran"]
[Result "1/2-1/2"]
[WhiteTitle "GM"]
[BlackTitle "FM"]
[WhiteElo "2577"]
[BlackElo "2402"]
[WhiteFideId "4151976"]
[BlackFideId "4108566"]
[EventDate "2014.02.01"]

1. e4 e6 2. d4 d5 3. Nc3 Nf6 4. e5 Nfd7 5. f4 c5 6. Nf3 Nc6 7. Be3 Be7 8. Qd2
O-O 9. dxc5 Nxc5 10. O-O-O a6 11. Qf2 Qa5 12. Kb1 Na4 13. Nxa4 Qxa4 14. Nd4 Bd7
15. g4 f6 16. exf6 Bxf6 17. Bg2 Rac8 18. c3 Kh8 19. Nb3 Be7 20. Qe2 Be8 21. h4
Bg6+ 22. f5 exf5 23. h5 Be8 24. h6 gxh6 25. gxf5 Rxf5 26. Bd4+ Bf6 27. Bh3 Nxd4
28. Rxd4 Bg6 29. Bxf5 Bxf5+ 30. Ka1 Bxd4 31. Nxd4 Be4 32. Qg4 Rf8 33. Rg1 Bg6
34. Qe6 Qe8 35. Qd6 Qf7 36. a3 Re8 37. Ka2 Qe7 38. Qf4 Qf8 39. Qc7 Qf7 40. Qd6
Kg8 41. Qh2 Qf8 42. Qh3 Kh8 43. Rf1 Qd6 44. Qh4 Qc7 45. Qf6+ Kg8 46. Rg1 Qf7 47.
Qh4 Kg7 48. Qh3 Re5 49. Rf1 Qe7 50. Rg1 Qf7 1/2-1/2

[Event "Moscow Open A 2014"]
[Site "Moscow RUS"]
[Date "2014.02.04"]
[Round "4.10"]
[White "Khusnutdinov, Rustam"]
[Black "Shomoev, Anton"]
[Result "1/2-1/2"]
[WhiteTitle "GM"]
[BlackTitle "GM"]
[WhiteElo "2491"]
[BlackElo "2568"]
[WhiteFideId "13701703"]
[BlackFideId "4135148"]
[EventDate "2014.02.01"]

1. d4 g6 2. c4 Bg7 3. Nf3 c5 4. d5 d6 5. Nc3 e6 6. h3 Ne7 7. e4 O-O 8. Be2 a6 9.
O-O h6 10. dxe6 Bxe6 11. Bf4 Nc8 12. Qd2 g5 13. Be3 Nc6 14. Rad1 Nb6 15. Nd5 Nd7
16. Nh2 Nd4 17. f4 gxf4 18. Bxf4 Ne5 19. Ne3 Ng6 20. Nf5 Bxf5 21. exf5 Nxf5 22.
Bd3 Nxf4 23. Qxf4 Ne3 24. Rf3 Qg5 25. Qxg5 hxg5 26. Rxe3 Bd4 27. Re1 Rae8 28.
Ng4 f5 29. Bxf5 Rxe3 30. Rxe3 Kg7 31. Bd3 Rf4 32. Kh1 Rxg4 33. Rf3 Rf4 34. b3
Bf2 35. Be2 Rxf3 36. Bxf3 b5 37. Bb7 bxc4 38. bxc4 a5 39. g4 Kf6 40. Kg2 Bd4 41.
Kf3 Ke5 42. Ke2 Kf4 43. a4 Kg3 44. Be4 Be5 1/2-1/2

[Event "Moscow Open A 2014"]
[Site "Moscow RUS"]
[Date "2014.02.04"]
[Round "4.11"]
[White "Jumabayev, Rinat"]
[Black "Kozionov, Kirill"]
[Result "1/2-1/2"]
[WhiteTitle "GM"]
[BlackTitle "FM"]
[WhiteElo "2564"]
[BlackElo "2392"]
[WhiteFideId "13702661"]
[BlackFideId "24101729"]
[EventDate "2014.02.01"]

1. e4 e5 2. Nf3 Nc6 3. Bb5 a6 4. Ba4 Nf6 5. O-O Be7 6. Re1 b5 7. Bb3 d6 8. a4
Bd7 9. c3 O-O 10. d4 Bg4 11. d5 Na5 12. Bc2 c6 13. dxc6 Qc7 14. h3 Bh5 15. Qd3
Qxc6 16. Nh4 Bg6 17. Nxg6 hxg6 18. Nd2 Nc4 19. Bb3 Rac8 20. axb5 axb5 21. Ra7
Bd8 22. Ra2 Bb6 23. Nf3 Rfe8 24. Bg5 Nd7 25. Qd1 Qc5 26. Be3 Qc7 27. Bxc4 bxc4
28. Qa4 Bxe3 29. Rxe3 Nf6 30. Qa7 Kf8 31. Re2 Re7 32. Qa6 Qc6 33. Nd2 Rb7 34.
Nf1 Rb6 35. Qa4 Qb7 36. Qa7 Qc6 37. Qa4 Qb7 38. Qa7 Qc6 39. Kh2 Rcb8 40. f3 R6b7
41. Qf2 Kg8 42. Ne3 d5 43. exd5 Nxd5 44. Nxd5 Qxd5 45. Qg3 Rb5 46. f4 exf4 47.
Qxf4 g5 48. Qc7 R5b7 49. Qe5 Qxe5+ 50. Rxe5 Rxb2 51. Rxb2 Rxb2 52. Rc5 Rc2 53.
Rxc4 Kh7 54. Kg3 Kg6 55. Kf3 f6 56. Rc7 Kh6 57. c4 Rc3+ 58. Kf2 Rc2+ 59. Kg3 Kg6
60. c5 Kf5 61. c6 Rc3+ 62. Kf2 Ke6 63. Rc8 Kd6 64. Rd8+ Ke7 65. Rc8 Kd6 66. Rd8+
Ke7 67. Rc8 1/2-1/2

[Event "Moscow Open A 2014"]
[Site "Moscow RUS"]
[Date "2014.02.04"]
[Round "4.12"]
[White "Gabuzyan, Hovhannes"]
[Black "Yuffa, Daniil"]
[Result "1-0"]
[WhiteTitle "GM"]
[BlackTitle "FM"]
[WhiteElo "2534"]
[BlackElo "2375"]
[WhiteFideId "13303732"]
[BlackFideId "24131423"]
[EventDate "2014.02.01"]

1. d4 Nf6 2. c4 g6 3. Nc3 Bg7 4. g3 O-O 5. Bg2 d6 6. Nf3 Nc6 7. O-O Bf5 8. Ne1
Bd7 9. Nc2 e5 10. d5 Ne7 11. e4 Ne8 12. f4 f5 13. fxe5 Bxe5 14. Nd4 Ng7 15. Bg5
fxe4 16. Rxf8+ Qxf8 17. Nxe4 Re8 18. Qd3 Nef5 19. Nf3 Bxb2 20. Rb1 Rxe4 21. Qxe4
Ba3 22. g4 h6 23. Bd2 Qe7 24. Re1 1-0

[Event "Moscow Open A 2014"]
[Site "Moscow RUS"]
[Date "2014.02.04"]
[Round "4.13"]
[White "Vishnu Prasanna, V"]
[Black "Prizant, Jaroslav"]
[Result "1/2-1/2"]
[WhiteTitle "GM"]
[BlackTitle "IM"]
[WhiteElo "2468"]
[BlackElo "2534"]
[WhiteFideId "5030692"]
[BlackFideId "4140664"]
[EventDate "2014.02.01"]

1. e4 e6 2. d4 d5 3. Nc3 Bb4 4. e5 Ne7 5. a3 Bxc3+ 6. bxc3 c5 7. Qg4 Kf8 8. a4
Qc7 9. Qd1 cxd4 10. cxd4 Qc3+ 11. Bd2 Qxd4 12. Nf3 Qe4+ 13. Be2 Nbc6 14. Bc3 Ng6
15. O-O Nf4 16. Bd3 Nxd3 17. cxd3 Qg6 18. a5 f5 19. Qb3 h6 20. a6 b6 21. Qa3+
Kg8 22. Qd6 Qe8 23. Nd4 Nxd4 24. Bxd4 Kh7 25. Rfc1 Rf8 26. Rc7 Rf7 27. Rxf7 Qxf7
28. Qc6 Rb8 29. Qd6 Ra8 30. Qc6 Rb8 31. Qd6 Ra8 32. Qc6 Rb8 1/2-1/2

[Event "Moscow Open A 2014"]
[Site "Moscow RUS"]
[Date "2014.02.04"]
[Round "4.14"]
[White "Bortnyk, Olexandr"]
[Black "Iljushin, Alexei"]
[Result "1/2-1/2"]
[WhiteTitle "IM"]
[BlackTitle "GM"]
[WhiteElo "2463"]
[BlackElo "2518"]
[WhiteFideId "14120828"]
[BlackFideId "4122178"]
[EventDate "2014.02.01"]

1. e4 c6 2. d4 d5 3. Nc3 dxe4 4. Nxe4 Bf5 5. Ng3 Bg6 6. h4 h6 7. Nh3 Nf6 8. Nf4
Bh7 9. c3 Nbd7 10. Bc4 Nb6 11. Bb3 Nbd5 12. Ngh5 e6 13. Nxd5 Nxh5 14. Qxh5 exd5
15. O-O Qf6 16. Re1+ Be7 17. Qg4 Bf5 18. Qf4 Rc8 19. c4 dxc4 20. Bxc4 Be6 21.
Qxf6 Bxf6 22. d5 cxd5 23. Bxd5 O-O 24. Rxe6 fxe6 25. Bxe6+ Kh7 26. Bf5+ Kg8 27.
Be6+ Kh7 28. Bf5+ Kg8 29. Be6+ Kh7 30. Bf5+ Kg8 31. Be6+ 1/2-1/2

[Event "Moscow Open A 2014"]
[Site "Moscow RUS"]
[Date "2014.02.04"]
[Round "4.15"]
[White "Chekhov, Sergei"]
[Black "Sivuk, Vitaly"]
[Result "0-1"]
[WhiteTitle "IM"]
[BlackTitle "IM"]
[WhiteElo "2460"]
[BlackElo "2507"]
[WhiteFideId "4195639"]
[BlackFideId "14116502"]
[EventDate "2014.02.01"]

1. e4 c5 2. Nf3 d6 3. d4 cxd4 4. Nxd4 Nf6 5. Bc4 e6 6. Nc3 Be7 7. Bb3 O-O 8. Be3
Na6 9. Qf3 Nc5 10. O-O-O Bd7 11. g4 Qa5 12. g5 Ne8 13. h4 b5 14. Kb1 b4 15. Nce2
Qc7 16. Nf4 Qb7 17. Nd5 Bd8 18. e5 Rb8 19. exd6 exd5 20. Bxd5 Qc8 21. Qg3 Rb6
22. Nb3 Nxb3 23. Bxb6 Bxb6 24. Bxb3 Qc5 25. Rhe1 Qf5 26. f4 g6 27. h5 gxh5 28.
Bc4 Ng7 29. Qb3 a5 30. a3 a4 31. Qxb4 Ba5 32. Bd3 Bxb4 33. Bxf5 Bxe1 34. Bxd7
Bg3 35. Bxa4 Bxf4 36. Bc6 Rd8 37. d7 h4 38. a4 Ne6 39. a5 h3 40. b4 h2 41. c4
Be3 42. a6 Ba7 43. c5 Kf8 44. Kc2 Ke7 45. Kc3 Rg8 46. Rh1 Bb8 47. a7 Bxa7 48.
Rxh2 Rxg5 49. Rxh7 Bxc5 50. b5 Rg3+ 51. Kc4 Rg4+ 52. Kd5 Rd4+ 53. Ke5 Bd6+ 54.
Kf5 Rf4# 0-1

[Event "Moscow Open A 2014"]
[Site "Moscow RUS"]
[Date "2014.02.05"]
[Round "5.1"]
[White "Khairullin, Ildar"]
[Black "Grachev, Boris"]
[Result "1/2-1/2"]
[WhiteTitle "GM"]
[BlackTitle "GM"]
[WhiteElo "2651"]
[BlackElo "2669"]
[WhiteFideId "4151348"]
[BlackFideId "4129199"]
[EventDate "2014.02.01"]

1. d4 d5 2. c4 c6 3. Nc3 Nf6 4. Nf3 e6 5. e3 Nbd7 6. Qc2 b6 7. Bd3 Bb7 8. O-O
Be7 9. b3 dxc4 10. bxc4 c5 11. d5 exd5 12. cxd5 Nxd5 13. Nxd5 Bxd5 14. Rd1 Bf6
15. Bb5 Be6 16. Bxd7+ Bxd7 17. Qe4+ Kf8 18. Rxd7 Qxd7 19. Qxa8+ Ke7 20. Qe4+ Kf8
21. Qa8+ Ke7 22. Qe4+ Kf8 23. Qa8+ 1/2-1/2

[Event "Moscow Open A 2014"]
[Site "Moscow RUS"]
[Date "2014.02.05"]
[Round "5.2"]
[White "Popov, Ivan RUS"]
[Black "Gabuzyan, Hovhannes"]
[Result "1/2-1/2"]
[WhiteTitle "GM"]
[BlackTitle "GM"]
[WhiteElo "2653"]
[BlackElo "2534"]
[WhiteFideId "4170350"]
[BlackFideId "13303732"]
[EventDate "2014.02.01"]

1. e4 e5 2. Nf3 Nc6 3. Bb5 Nf6 4. O-O Nxe4 5. Qe2 Nd6 6. Bxc6 dxc6 7. Qxe5+ Be6
8. Ng5 Qf6 9. Re1 Qxe5 10. Rxe5 Kd7 11. Nxe6 fxe6 12. d3 Be7 13. Nd2 Raf8 14.
Re2 c5 15. Ne4 b6 16. b3 Nxe4 17. Rxe4 Bf6 18. Rb1 h5 19. Be3 Bc3 20. Rc4 Be5
21. Re1 Rf5 22. Re4 Bc3 23. Re2 Rhf8 24. f3 R8f6 25. h4 Rg6 26. Kh1 Bf6 27. Bd2
Be7 28. Ra4 a5 29. Rae4 Bd6 30. Bg5 Be7 31. g4 hxg4 32. fxg4 Bxg5 33. gxf5 exf5
34. Re5 Bxh4 35. Rxf5 Bf6 36. Kh2 Rh6+ 37. Kg2 Rh8 38. Rf1 Kd6 39. Kg3 Ra8 40.
Re4 Rh8 41. Rfe1 Kd7 42. Kg2 Ra8 43. R1e3 Rf8 44. Rf3 Ra8 45. Kf1 Rh8 46. Ke2
Rh2+ 47. Rf2 Rh1 48. Rf1 Rh2+ 49. Kd1 Rh8 50. a3 Rh2 51. Kc1 Bc3 52. Rc4 Bd4 53.
Rf7+ Kc6 54. a4 Rh1+ 55. Kd2 Rh2+ 56. Kd1 Rh1+ 57. Ke2 Rh2+ 58. Ke1 Kd6 59. c3
Bf6 60. d4 Rb2 61. dxc5+ bxc5 62. Rf8 Kd5 63. Rb8 Rxb3 64. Rxc5+ 1/2-1/2

[Event "Moscow Open A 2014"]
[Site "Moscow RUS"]
[Date "2014.02.05"]
[Round "5.3"]
[White "Bartel, Mateusz"]
[Black "Maletin, Pavel"]
[Result "1-0"]
[WhiteTitle "GM"]
[BlackTitle "GM"]
[WhiteElo "2651"]
[BlackElo "2586"]
[WhiteFideId "1112635"]
[BlackFideId "4146786"]
[EventDate "2014.02.01"]

1. e4 e5 2. Nf3 Nc6 3. Bb5 Nf6 4. d3 Bc5 5. Nc3 d6 6. Na4 Bb6 7. Nxb6 axb6 8. c3
Bd7 9. Ba4 Ne7 10. Bb3 Ng6 11. h3 O-O 12. O-O Be6 13. Bc2 c5 14. a3 h6 15. d4
Qc7 16. Be3 Rfe8 17. Re1 Rad8 18. d5 Bd7 19. a4 Rf8 20. Nd2 b5 21. a5 Ra8 22. b4
c4 23. Nf1 Qc8 24. Kh2 Nh4 25. f4 exf4 26. Bxf4 Ra6 27. Ng3 Re8 28. e5 dxe5 29.
Bxe5 Nf5 30. Qf3 Nh4 31. Qd1 Nf5 32. Qf3 Nh4 33. Qf2 Qd8 34. Rad1 Nh7 35. Bxg7
Rxe1 36. Rxe1 Kxg7 37. Nh5+ Kh8 38. Qd4+ Nf6 39. Rf1 Qg8 40. g3 Bf5 41. Bxf5 Qg5
42. Bg4 1-0

[Event "Moscow Open A 2014"]
[Site "Moscow RUS"]
[Date "2014.02.05"]
[Round "5.4"]
[White "Sivuk, Vitaly"]
[Black "Kokarev, Dmitry"]
[Result "1/2-1/2"]
[WhiteTitle "IM"]
[BlackTitle "GM"]
[WhiteElo "2507"]
[BlackElo "2628"]
[WhiteFideId "14116502"]
[BlackFideId "4132181"]
[EventDate "2014.02.01"]

1. e4 c5 2. Nf3 d6 3. d4 cxd4 4. Nxd4 Nf6 5. Nc3 a6 6. Be3 Ng4 7. Bc1 Nf6 8. Be3
Ng4 9. Bc1 Nf6 10. h3 e6 11. g4 Nfd7 12. Be3 b5 13. a3 Bb7 14. Qd2 Nc6 15. f4
Be7 16. Nxc6 Bxc6 17. g5 O-O 18. h4 Qb8 19. Bg2 a5 20. O-O b4 21. axb4 Qxb4 22.
Ne2 Nc5 23. Qxb4 axb4 24. Nd4 Rxa1 25. Rxa1 Ra8 26. Rxa8+ Bxa8 27. e5 Ne4 28.
exd6 Bxd6 29. f5 Bc5 30. fxe6 fxe6 31. Nf5 Bf8 32. Nd4 Bc5 33. Nf5 Bf8 34. Nd4 1/2-1/2

[Event "Moscow Open A 2014"]
[Site "Moscow RUS"]
[Date "2014.02.05"]
[Round "5.5"]
[White "Ajrapetjan, Yuriy"]
[Black "Ponkratov, Pavel"]
[Result "0-1"]
[WhiteTitle "GM"]
[BlackTitle "GM"]
[WhiteElo "2495"]
[BlackElo "2611"]
[WhiteFideId "14109069"]
[BlackFideId "4157800"]
[EventDate "2014.02.01"]

1. d4 Nf6 2. c4 e6 3. Nf3 c5 4. d5 exd5 5. cxd5 d6 6. Nc3 g6 7. Bf4 Bg7 8. Qa4+
Bd7 9. Qb3 b5 10. Bxd6 c4 11. Qa3 Qb6 12. Qc5 Qxc5 13. Bxc5 Na6 14. Bd4 O-O 15.
e3 Rfc8 16. Ne5 Be8 17. Nc6 Bxc6 18. dxc6 Nb4 19. Rc1 a6 20. a4 Nxc6 21. axb5
Nxd4 22. exd4 Bh6 23. Rd1 axb5 24. Nxb5 Ne4 25. Be2 Ra2 26. Bf3 Rxb2 27. Bxe4
Rxb5 28. Rb1 Ra5 29. O-O c3 30. f4 Ra4 31. g3 Bg7 32. Ra1 Rxd4 33. Bc2 Rd2 34.
Ra2 Bd4+ 35. Kh1 Rb8 36. f5 gxf5 37. h4 Kg7 38. h5 Rb6 39. Rxf5 Re6 40. Rf1 Ree2
41. h6+ Kxh6 0-1

[Event "Moscow Open A 2014"]
[Site "Moscow RUS"]
[Date "2014.02.05"]
[Round "5.6"]
[White "Naumkin, Igor"]
[Black "Moiseenko, Alexander"]
[Result "1/2-1/2"]
[WhiteTitle "GM"]
[BlackTitle "GM"]
[WhiteElo "2478"]
[BlackElo "2710"]
[WhiteFideId "4101715"]
[BlackFideId "14102560"]
[EventDate "2014.02.01"]

1. d4 Nf6 2. c4 e6 3. Nf3 Bb4+ 4. Nbd2 O-O 5. g3 d5 6. Qc2 b6 7. Bg2 Bb7 8. cxd5
exd5 9. O-O Re8 10. Ne5 Bf8 11. b3 c5 12. Bb2 Na6 13. Rad1 Rc8 14. Qb1 Nc7 15.
Rfe1 cxd4 16. Nef3 Ne4 17. Nxe4 dxe4 18. Nxd4 Qg5 19. e3 h5 20. h4 Qg6 21. Bh3
Rcd8 22. Qc2 Nd5 23. Bf5 Qh6 24. a3 g6 25. Bh3 Bc8 26. Bg2 Bg4 27. Rd2 Rc8 28.
Qb1 Nf6 29. Nb5 g5 30. hxg5 Qxg5 31. Nd6 h4 32. Nxe8 Rxe8 33. Qc1 h3 34. Bxf6
Qxf6 35. Bf1 h2+ 36. Kxh2 Re5 37. Bg2 Rh5+ 38. Kg1 Bf3 39. Qc8 Bxg2 40. Qg4+ Rg5
41. Qf4 Rf5 42. Qg4+ Rg5 43. Qf4 Rf5 44. Qg4+ 1/2-1/2

[Event "Moscow Open A 2014"]
[Site "Moscow RUS"]
[Date "2014.02.05"]
[Round "5.7"]
[White "Matlakov, Maxim"]
[Black "Atabayev, Maksat"]
[Result "1-0"]
[WhiteTitle "GM"]
[BlackTitle "IM"]
[WhiteElo "2690"]
[BlackElo "2471"]
[WhiteFideId "4168003"]
[BlackFideId "14001101"]
[EventDate "2014.02.01"]

1. Nf3 Nf6 2. c4 g6 3. Nc3 Bg7 4. e4 c5 5. d4 cxd4 6. Nxd4 d6 7. Be2 Nc6 8. Be3
Nxd4 9. Bxd4 O-O 10. O-O Bd7 11. Qd2 Bc6 12. f3 a5 13. b3 Nd7 14. Be3 Nc5 15.
Rab1 Qb6 16. Rfc1 Rfc8 17. Kh1 Qd8 18. Rc2 h5 19. a3 Kh7 20. Bf1 Qf8 21. Nd5
Bxd5 22. exd5 Bf6 23. b4 axb4 24. axb4 Na4 25. c5 Qg7 26. Rb3 Rd8 27. c6 bxc6
28. dxc6 d5 29. c7 Rdc8 30. b5 d4 31. Bg1 Nb6 32. Rc6 Nd5 33. b6 Nxb6 34. Rbxb6
Ra7 35. Qc2 Be5 36. Rxg6 fxg6 37. Rxg6 Rcxc7 38. Rxg7+ Kxg7 39. Qe4 Bf6 40. Bxd4
Rc1 41. Bxa7 Rxf1+ 42. Bg1 1-0